000 01076nam a2200301 i 4500
001 000026176
003 DO-SdBNP
005 20260218082711.0
007 ta
008 110303s1980 dr 000 0 spa d
040 _aDO-SdBNP
_bspa
_cBNPHU
_erda
082 4 _a336.2
_bG216i
_222
100 1 _aGarcía Mullin, Roque,
_935644
_eautor
245 1 0 _aImpuesto sobre la renta :
_bteoría y técnica del impuesto /
_cRoque García Mullín.
264 1 _aSanto Domingo :
_bSecretaría de Estado de Finanzas, Instituto de Capacitación Tributaria,
_c1980.
300 _av, 225 páginas ;
_c22 cm.
336 _2rdacontent
_atexto
_btxt
337 _2rdamedia
_asin mediación
_bn
338 _2rdacarrier
_avolumen
_bnc
490 _aManuales de finanzas públicas
_v5
504 _aBibliografía : p. 223 -225
590 _aInventariado, 2018/LP
650 0 _aImpuesto sobre la renta
_914512
650 4 _aImpuestos sobre la renta
_xLegislación
_953181
700 1 2 _aBáez Ortiz, Bolívar,
_eprólogo
_935646
910 _aValidado. Control de calidad MFF
942 _2ddc
_cLBS1
999 _c25668
_d25668